00967 a2200193 4500003000500000005001700005040000900022082001900031100002300050245004800073260006000121300003400181505034200215600002300557650003400580942001200614999001900626952012800645Nust20221031091830.0 cNust a621.381331,LEW aLeon Lewin9101740 aAdvanced theory of waveguides /cLewin Leon aLondonbPublished for Wireless Engineer by Iliffec1951 a192 pbillusc23 cmeDiagrams aElectromagnetic Theory and its Application to Waveguides (Page-9), Cylindrical Posts in Waveguides (Page-23), Diaphragms in Waveguides (Page-45), The Tuned Post and The Tuned Window (Page-76), Waveguide Steps T-Junctions and Tapers (Page-98), Radiation from Waveguides (Page-121), Propagation in Loaded and Corrugated Guides (Page-145),  aLeon Lewin9101740 aTelecommunication engineering 2ddccBK c181944d181944 00102ddc4070aMCSbMCScGENd2016-12-12o 621.381331,LEWpMCS6242r2016-12-08w2016-12-12yBKzAlmirah No.29, Shelf No.2